Регионална библиотека "Любен Каравелов" - Русе

България в блясък (Запис номер 177237)

MARC детайли
000 -Лидер
Контролно поле с фиксирана дължина 02200nam a2200493 c 4500
003 - Код на организацията, давaща контролен номер
Контролно поле BLK
005 - Дата и час на последна редакция
Контролно поле 20250119004127.0
008 - Елементи от данни с фиксирана дължина
fixed length control field 180411b bul|||||r ||||||| ||bul||
010 ## - Наследен системен номер
LC control number KNG00185894000
020 ## - Международен стандартен номер на книга ISBN
Международен стандартен номер на книга ISBN 978-619-77008-04-3
-- издат.: Янус
040 ## - Източник на каталожния запис
Идентификатор на билиотеката - собственик на записа BLK
041 ## - Код за език
Код за езика на текст/звукозапис или на отделно заглавие Български
Код за езика КДБФ Български
072 #7 - Код за тематичната категория
Код организация bullib
Код за тематична категория Н92
Текст История Н
080 ## - УДК
Текстов определител УДК Трета българска държава (от 1878)
УДК код - определител по УДК 94(497.2)"1878..."
УДК определител (092)
УДК - код + определител 94(497.2)"1878..."(092)
080 ## - УДК
Текстов определител УДК Дворци на крале, президенти и др. Официални резиденции
УДК код - определител по УДК 725.17
УДК определител (497.2)
УДК - код + определител 725.17(497.2)
080 ## - УДК
Текстов определител УДК Биографии
УДК код - определител по УДК 929
УДК определител (497.2)
УДК - код + определител 929(497.2)
139 ## - Редно поле
Редна дума Пейков, Тошо Костадинов
Авторски знак Пеи - П 33
245 10 - Сведения за заглавието
Заглавие България в блясък
Подзаглавни данни Владетели, дворци и дейци на Третото Българско Царство
Редно поле (дума) текст и фотоматериал Тошо Костадинов Пейков.
257 ## - Страна на издаване
Страна на създаване/издаване България
260 ## - Област на издателските данни
-- София
Име на издателя, разпространителя и проч. Янус
Година на издаване 2015
Печатница София : Лито Балкан
300 ## - Физическа характеристика
Страници 384 с.
Илюстрации и др. със сн.
Размери/Мащаб 34 см
380 ## - Жанр
Жанр История
650 #0 - Допълнително описание по предмет – тема
Основно описание – тема или топоним България - история, нова
9 (RLIN) 241998
650 #4 - Допълнително описание по предмет – тема
Основно описание – тема или топоним Владетели, български
9 (RLIN) 245086
650 #4 - Допълнително описание по предмет – тема
Основно описание – тема или топоним Царе, български
9 (RLIN) 248628
650 #4 - Допълнително описание по предмет – тема
Основно описание – тема или топоним Прочути личности - България - биографии
9 (RLIN) 334936
650 #4 - Допълнително описание по предмет – тема
Основно описание – тема или топоним Дворци
9 (RLIN) 152910
651 #4 - Допълнително описание по предмет - топоним
Географско понятие България
9 (RLIN) 241624
653 ## - Ключова дума – ненормативна
Ключова дума български владетели
653 ## - Ключова дума – ненормативна
Ключова дума български царе
653 ## - Ключова дума – ненормативна
Ключова дума исторически личности
653 ## - Ключова дума – ненормативна
Ключова дума дейци
653 ## - Ключова дума – ненормативна
Ключова дума дворци
653 ## - Ключова дума – ненормативна
Ключова дума българска история
653 ## - Ключова дума – ненормативна
Ключова дума Трета българска държава
659 ## - Тематичен бюлетин
Тематичен бюлетин Н
700 1# - Други автори (авторска отговорност)
Лично име Пейков, Тошо Костадинов
Автороска отговорност (Описва отношението между автора и произведението) текст и фотоматериал
9 (RLIN) 364630
852 ## - Местоположение
Форматна сигнатура Цб Гр А ІІ 4813
856 4# - Електронен адрес и достъп
Електронен формат pdf - файл
Път до файла /url/
856 4# - Електронен адрес и достъп
Електронен формат pdf - файл
Път до файла /url/
942 ## - АРТИКУЛИ
Вид на библиотечния материал Книги
Скрит в OPAC Не
944 ## - СЪЗДАВАНЕ И РЕДАКЦИЯ на ЗАПИСА
Създаване/Редакция Създаване
Дата на регистрацията/редакция 15.01.2016
Статус, дата на статуса CRON CRON
Служител, извършил регистрацията/редакцията
944 ## - СЪЗДАВАНЕ И РЕДАКЦИЯ на ЗАПИСА
Създаване/Редакция Редакция
Дата на регистрацията/редакция 12.04.2017
Статус, дата на статуса ф /
Служител, извършил регистрацията/редакцията Людмила_Стоянова
999 ## - СИСТЕМНИ КОНТРОЛНИ НОМЕРА
Koha biblionumber 177237
Koha biblioitemnumber 177237
Наличности
Код за отписване Код за изгубен артикул Източник на класификационната схема Код за повреда Коз за рестрикции Код за отдаване Артикулен № Име на библиотеката - собственик Име на библиотеката, в която се намира в момента Статус (Текущо местоположение) Дата на вписване в системата Местоположение - отдел Цена в лева Инвентарен номер Систематично азбучна сигнатура Баркод Номер на екземпляра Цена в евро Служебна бележка Служебен тип на артикула
  Не е изгубен Universal Decimal Classification Не е повреден без рестрикции ползва се в читалня 304754 Регионална библиотека "Любен Каравелов" Русе Регионална библиотека "Любен Каравелов" Русе Читалня 2016-01-19 Читалня 120.00 120000796917 Ч 94(497.2)"1878.../П 33 П 120000796917 1 61.36 Дост: DA Вид: А N: 1 Дата: 19.01.2016 Дата инв: 11.04.2017 Бележки инв: Ч2017 Книги
  Не е изгубен Universal Decimal Classification Не е повреден   ползва се в читалня 733020 Регионална библиотека "Любен Каравелов" Русе Регионална библиотека "Любен Каравелов" Русе Хранилище 2019-08-27 Хранилище 60.00   Цб ІІ 23999 120000835750   30.68   Книги
Vip Innovations Ltd, Rousse, Bulgaria 2025